Normal view
MARC view
- تاليف الصديقي، علي فيصل علي
Entry Personal Name
001 - CONTROL NUMBER
- control field: 53125
003 - CONTROL NUMBER IDENTIFIER
- control field: JO-AjAnu
005 - DATE AND TIME OF LATEST TRANSACTION
- control field: 20230606082728.0
008 - FIXED-LENGTH DATA ELEMENTS
- fixed length control field: 230606|| aca||aabn | a|a d
040 ## - CATALOGING SOURCE
- Original cataloging agency: JO-AjAnu
- Transcribing agency: JO-AjAnu
100 ## - HEADING--PERSONAL NAME
- Personal name: تاليف الصديقي، علي فيصل علي
670 ## - SOURCE DATA FOUND
- Source citation: Work cat.: (JO-AjAnu)27143: تاليف الصديقي، علي فيصل علي, author, تاريخ النظام السياسي والقانوني في حضارة دلمون